América en la conciencia española de nuestro tiempo / (Record no. 111897)

MARC details
000 -LEADER
campo de control de longitud fija 01334cam a2200349Mi 4500
001 - NÚMERO DE CONTROL
campo de control 93231
005 - FECHA Y HORA DE LA ÚLTIMA TRANSACCIÓN
campo de control 20230411090051.0
008 - DATOS DE LONGITUD FIJA--INFORMACIÓN GENERAL
campo de control de longitud fija 040114s1997 sp 000 0 spa d
035 ## - NÚMERO DE CONTROL DEL SISTEMA
Número de control de sistema (OCoLC)ocn469916047
040 ## - FUENTE DE CATALOGACIÓN
Centro catalogador/agencia de origen BDF
Lengua de catalogación fre
Centro/agencia transcriptor BDF
016 7# - NÚMERO DE CONTROL DE UNA AGENCIA BIBLIOGRÁFICA NACIONAL
Número de control del registro FRBNF391149110000007
Fuente FrPBN
020 ## - NÚMERO INTERNACIONAL ESTÁNDAR DEL LIBRO
Número Internacional Estándar del Libro 8481641650 (br)
020 ## - NÚMERO INTERNACIONAL ESTÁNDAR DEL LIBRO
Número Internacional Estándar del Libro 9788481641653 (br)
029 1# - OTRO NÚMERO DE CONTROL DE SISTEMA (OCLC)
Identificador de la biblioteca OCLC ZWZ
Número de control de sistema 053064151
035 ## - NÚMERO DE CONTROL DEL SISTEMA
Número de control de sistema (OCoLC)469916047
049 ## - FONDOS LOCALES (OCLC)
Biblioteca depositaria GRAL
100 1# - ENTRADA PRINCIPAL--NOMBRE DE PERSONA
Nombre de persona Lago Carballo, Antonio,
Fechas asociadas al nombre 1923-....
Relación aut
245 10 - MENCIÓN DEL TÍTULO
Título América en la conciencia española de nuestro tiempo /
Mención de responsabilidad, etc. Antonio Lago Carballo ; prâol. de Pedro Laín Entralgo.
260 ## - PUBLICACIÓN, DISTRIBUCIÓN, ETC.
Lugar de publicación, distribución, etc. Madrid :
Nombre del editor, distribuidor, etc. Trotta,
Fecha de publicación, distribución, etc. cop. 1997.
300 ## - DESCRIPCIÓN FÍSICA
Extensión 198 p. ;
Dimensiones 23 cm.
490 0# - MENCIÓN DE SERIE
Mención de serie Colección Estructuras y procesos, Serie Ciencias sociales
500 ## - NOTA GENERAL
Nota general Notes bibliogr.
650 #7 - PUNTO DE ACCESO ADICIONAL DE MATERIA--TÉRMINO DE MATERIA
Término de materia o nombre geográfico como elemento de entrada Littérature espagnole
Subdivisión cronológica 20e siáecle
Subdivisión general Histoire et critique.
Fuente del encabezamiento o término ram
651 #7 - PUNTO DE ACCESO ADICIONAL DE MATERIA--NOMBRE GEOGRÁFICO
Nombre geográfico Amérique
Subdivisión general Dans la littérature.
Fuente del encabezamiento o término ram
700 1# - ENTRADA AGREGADA--NOMBRE PERSONAL
Nombre de persona Laín Entralgo, Pedro,
Fechas asociadas al nombre 1908-2001.
Relación aui
760 0# - ENLACE A UNA SERIE PRINCIPAL
Título Colección Estructuras y procesos. Serie Ciencias sociales,
Lugar, editor y fecha de publicación 1997
Número de control del registro (FrPBN)37142999
856 42 - LOCALIZACIÓN Y ACCESO ELECTRÓNICOS
Materiales especificados Notice et cote du catalogue de la Bibliotháeque nationale de France
Identificador Uniforme de Recursos <a href="http://catalogue.bnf.fr/ark:/12148/cb391149113">http://catalogue.bnf.fr/ark:/12148/cb391149113</a>
886 1# - INFORMACIÓN DE CAMPO MARC FORÁNEO
2 intermrc
a 009
b aa-----------------
942 ## - ELEMENTOS DE ENTRADA SECUNDARIOS (KOHA)
Fuente del sistema de clasificación o colocación Clasificación de Library of Congress
Tipo de ítem Koha
994 ## -
-- C0
-- DRFGD
946 ## - PROCESAMIENTO DE INFORMACIÓN LOCAL (OCLC)
a YM
Holdings
Estatus retirado Estado de pérdida Fuente del sistema de clasificación o colocación Estado de daño No para préstamo Colección Biblioteca de origen Biblioteca actual Ubicación en estantería Fecha de adquisición Código de barras Visto por última vez Copia número Tipo de ítem Koha
    Clasificación de Library of Congress     Automatización y Procesos Técnicos Biblioteca Juan Bosch Biblioteca Juan Bosch Automatización y Procesos Técnicos (1er. Piso) 11/04/2023 00000086246 17/02/2019 1